[Event "Corus Tournament: Group B"]
[Site "Wijk aan Zee NED"]
[Date "2005.01.17"]
[EventDate "2005.01.15"]
[Round "3"]
[Result "0-1"]
[White "Sipke Ernst"]
[Black "Antoaneta Stefanova"]
[WhiteElo "2509"]
[BlackElo "2491"]
[PlyCount "66"]

1. d4 d5 2. c4 c6 3. Nf3 Nf6 4. Nc3 a6 5. c5 Nbd7 6. Bf4 Nh5
7. e3 b6 8. cxb6 Qxb6 9. Qd2 Nxf4 10. exf4 e6 11. Rc1 c5
12. Na4 Qa7 13. dxc5 Nxc5 14. Qd4 Nxa4 15. Rxc8+ Kd7 16. Qxa4+
Kxc8 17. Ne5 Qb7 18. Qe8+ Kc7 19. Qxf7+ Kb8 20. Qxe6 Bb4+
21. Ke2 Rc8 22. Kf3 Ka7 23. Bd3 Rc7 24. Bxh7 Rf8 25. Rd1 g5
26. Bf5 d4+ 27. Ke2 Re7 28. Qc4 Rxf5 29. Qxd4+ Qb6 30. Kf1 Bc5
31. Qe4 Qb5+ 32. Kg1 Rexe5 33. fxe5 Rxf2 0-1

[Event "Corus Tournament: Group B"]
[Site "Wijk aan Zee NED"]
[Date "2005.01.18"]
[EventDate "2005.01.15"]
[Round "4"]
[Result "1/2-1/2"]
[White "Daniel Stellwagen"]
[Black "Antoaneta Stefanova"]
[WhiteElo "2524"]
[BlackElo "2491"]
[PlyCount "81"]

1. e4 e5 2. Nf3 Nc6 3. Bb5 a6 4. Ba4 Nf6 5. O-O b5 6. Bb3 Bc5
7. c3 d6 8. a4 Bb7 9. d4 Bb6 10. Bg5 h6 11. Bxf6 Qxf6 12. Bd5
exd4 13. cxd4 O-O 14. Na3 Ra7 15. Nc2 bxa4 16. Rxa4 a5 17. Re1
Ne7 18. Bxb7 Rxb7 19. Ne3 c6 20. Nc4 Bc7 21. Qc2 Rfb8 22. e5
dxe5 23. dxe5 Qe6 24. Raa1 Nd5 25. Nd4 Nb4 26. Qc3 Qg4 27. h3
Qg6 28. Rad1 c5 29. Nf3 Na2 30. Qd3 Qa6 31. Qd5 Nb4 32. Qxc5
Bb6 33. Nxb6 Qxb6 34. Qxb6 Rxb6 35. Rd2 Na6 36. Ra1 Rb5 37. g3
Nc5 38. Ra2 Nb3 39. Rd1 Rc8 40. Ra4 Rc1 41. Rxc1 1/2-1/2

[Event "Corus Tournament: Group B"]
[Site "Wijk aan Zee NED"]
[Date "2005.01.20"]
[EventDate "2005.01.15"]
[Round "5"]
[Result "1/2-1/2"]
[White "Antoaneta Stefanova"]
[Black "Alexander Onischuk"]
[WhiteElo "2491"]
[BlackElo "2652"]
[PlyCount "156"]

1. d4 Nf6 2. Nf3 b6 3. Bg5 e6 4. Nbd2 Bb7 5. e3 h6 6. Bh4 Be7
7. Bd3 d6 8. Bxf6 Bxf6 9. Qe2 a6 10. e4 e5 11. dxe5 dxe5
12. Nc4 Nd7 13. Rd1 Qe7 14. Ne3 Nc5 15. Bc4 Bxe4 16. Bd5 Bxf3
17. Qxf3 e4 18. Qh3 Rd8 19. Bc6+ Kf8 20. O-O Rxd1 21. Rxd1 g6
22. b4 Ne6 23. Rd7 Ng5 24. Qg3 Qe5 25. Qxe5 Bxe5 26. Nc4 Bc3
27. Rxc7 Kg7 28. Bd5 Rd8 29. Ne3 Bxb4 30. h4 Bc5 31. c4 Nh7
32. Rxf7+ Kh8 33. Bxe4 Nf8 34. Nd5 Rd7 35. Rxd7 Nxd7 36. Bxg6
Ne5 37. Bf5 Nxc4 38. g4 Nd6 39. Bd3 b5 40. Nc7 a5 41. Kg2 b4
42. Bc2 Nc4 43. g5 hxg5 44. hxg5 Be7 45. Ne6 Na3 46. Bb3 Nb5
47. f4 Nc3 48. f5 a4 49. f6 Bxf6 50. gxf6 Kg8 51. Bc4 Kf7
52. Nf4+ Kxf6 53. Kf3 b3 54. axb3 axb3 55. Bxb3 Nb5 56. Ke4
Nd6+ 57. Kd5 Nf5 58. Ng2 Ne7+ 59. Ke4 Nf5 60. Bd5 Ne7 61. Ba2
Nf5 62. Kf4 Nd4 63. Ne3 Ne6+ 64. Ke4 Ng5+ 65. Kd5 Nf7 66. Bb1
Ne5 67. Bf5 Nf7 68. Be6 Ne5 69. Bc8 Nf7 70. Nc4 Kg5 71. Ke6
Nh6 72. Ne3 Ng4 73. Nd5 Nf2 74. Ba6 Ng4 75. Bd3 Nf2 76. Bb1
Ng4 77. Bc2 Nf2 78. Nf6 Ng4 1/2-1/2

[Event "Corus Tournament: Group B"]
[Site "Wijk aan Zee NED"]
[Date "2005.01.21"]
[EventDate "2005.01.15"]
[Round "6"]
[Result "1/2-1/2"]
[White "Magnus Carlsen"]
[Black "Antoaneta Stefanova"]
[WhiteElo "2553"]
[BlackElo "2491"]
[PlyCount "146"]

1. d4 d5 2. c4 c6 3. Nf3 Nf6 4. Nc3 a6 5. c5 Nbd7 6. Bf4 Nh5
7. e3 b6 8. cxb6 Qxb6 9. Bd3 Nxf4 10. exf4 Qxb2 11. Rc1 g6
12. O-O Bh6 13. Qa4 Qb7 14. Rc2 Nb6 15. Qa5 Nc4 16. Bxc4 dxc4
17. Rb1 Qa7 18. Ne5 Bxf4 19. Nxc6 Qc7 20. Rb6 Bxh2+ 21. Kh1
Be6 22. d5 Bg4 23. Nb5 Qf4 24. Qb4 O-O 25. Nxe7+ Kg7 26. Nd6
f6 27. Rb7 Kh8 28. Qxc4 Rab8 29. g3 Bxg3 30. fxg3 Qxd6 31. Qc7
Bf3+ 32. Kg1 Qxc7 33. Rbxc7 Rbd8 34. R2c5 Rd6 35. Kf2 Be4
36. Ke3 Bb1 37. a3 Rf7 38. Rc1 Ba2 39. Nxg6+ Kg7 40. Rxf7+
Kxf7 41. Nf4 Rd7 42. Kd4 a5 43. Rc6 Rb7 44. Kc5 Rb3 45. Rc7+
Ke8 46. Kd6 Rb6+ 47. Rc6 Rb3 48. Ne6 Kf7 49. Nd8+ Ke8 50. Rc8
Rxa3 51. Ne6+ Kf7 52. Rf8+ Kg6 53. Rg8+ Kf5 54. Nd4+ Ke4
55. Rg4+ Ke3 56. Nf5+ Kd2 57. Rf4 Ke1 58. Rd4 Ke2 59. Ke7 Bxd5
60. Rxd5 a4 61. Kxf6 Rd3 62. Ra5 a3 63. Ke5 Kd2 64. Ke4 h5
65. Ra8 Rc3 66. Rd8+ Kc1 67. Ra8 Kb2 68. Ne3 Rc7 69. Rb8+ Kc1
70. Kd3 a2 71. Ra8 Kb1 72. Rb8+ Kc1 73. Ra8 Kb1 1/2-1/2

[Event "Corus Tournament: Group B"]
[Site "Wijk aan Zee NED"]
[Date "2005.01.25"]
[EventDate "2005.01.15"]
[Round "9"]
[Result "1-0"]
[White "Antoaneta Stefanova"]
[Black "Predrag Nikolic"]
[WhiteElo "2491"]
[BlackElo "2676"]
[PlyCount "47"]

1. d4 Nf6 2. c4 e6 3. g3 c5 4. Nf3 cxd4 5. Nxd4 Qc7 6. b3 e5
7. Nc2 Qc6 8. Rg1 Bc5 9. Bg2 Qb6 10. Be3 d6 11. Nc3 O-O
12. Qd2 Nc6 13. O-O-O Rd8 14. Bg5 Bb4 15. Nxb4 Nxb4 16. Kb2
Be6 17. Bxf6 gxf6 18. Qh6 d5 19. Bxd5 Nxd5 20. cxd5 Bf5 21. g4
Bg6 22. h4 Rac8 23. h5 Bc2 24. g5 1-0

[Event "Corus Tournament: Group B"]
[Site "Wijk aan Zee NED"]
[Date "2005.01.28"]
[EventDate "2005.01.15"]
[Round "11"]
[Result "0-1"]
[White "Antoaneta Stefanova"]
[Black "Friso Nijboer"]
[WhiteElo "2491"]
[BlackElo "2549"]
[PlyCount "76"]

1. d4 Nf6 2. Bg5 c5 3. d5 Ne4 4. Bf4 Qb6 5. Bc1 e6 6. f3 Nf6
7. c4 exd5 8. cxd5 c4 9. e3 Bc5 10. Kf2 O-O 11. Bxc4 Re8
12. Qd3 d6 13. Nc3 Qa5 14. Nge2 Nbd7 15. Bb3 Ne5 16. Qc2 Neg4+
17. fxg4 Nxg4+ 18. Ke1 Nxe3 19. Bxe3 Rxe3 20. h3 Bd7 21. Kd1
Rae8 22. Rf1 b5 23. Nc1 Qd8 24. Nd3 Qh4 25. Kc1 b4 26. Nd1 Re2
27. Qc4 R8e4 28. Qa6 Qg5+ 29. Kb1 Qxg2 30. Nxc5 dxc5 31. Qxa7
Qxf1 32. Qxd7 Re1 33. Qa4 Qd3+ 34. Kc1 Rxd1+ 35. Bxd1 Rc4+
36. Bc2 Qf1+ 37. Kd2 Rd4+ 38. Ke3 Qf4+ 0-1

[Event "Corus Tournament: Group B"]
[Site "Wijk aan Zee NED"]
[Date "2005.01.29"]
[EventDate "2005.01.15"]
[Round "12"]
[Result "0-1"]
[White "Alejandro Ramirez Alvarez"]
[Black "Antoaneta Stefanova"]
[WhiteElo "2507"]
[BlackElo "2491"]
[PlyCount "98"]

1. e4 e5 2. Nf3 Nc6 3. Bb5 a6 4. Bxc6 dxc6 5. O-O f6 6. d4
exd4 7. Nxd4 c5 8. Ne2 Qxd1 9. Rxd1 Bd7 10. Nbc3 O-O-O 11. Be3
Re8 12. Rd2 Bc6 13. Rad1 b6 14. f3 Ne7 15. Nf4 Ng6 16. Ncd5
Ne5 17. b3 a5 18. c4 a4 19. Kf2 Kb7 20. Nh5 Ng6 21. Nc3 Rg8
22. Rd8 Bd6 23. Rxe8 Bxe8 24. Ng3 Be5 25. Nce2 Ne7 26. Bf4 Nc6
27. Nf5 Bg6 28. Ne3 Bf7 29. Bg3 axb3 30. axb3 Be6 31. f4 Bd6
32. f5 Bxg3+ 33. Kxg3 Bf7 34. Kf4 Ra8 35. Nc3 Nd4 36. b4 cxb4
37. Rxd4 bxc3 38. e5 fxe5+ 39. Kxe5 Ra2 40. Rd3 Ra3 41. Rd1
Be8 42. Rc1 Ba4 43. Kd4 c2 44. g4 c5+ 45. Ke4 Rb3 46. g5 Rb1
47. Rxc2 Bxc2+ 48. Nxc2 Kc6 49. Ne3 Kd6 0-1

[Event "Corus Tournament: Group B"]
[Site "Wijk aan Zee NED"]
[Date "2005.01.30"]
[EventDate "2005.01.15"]
[Round "13"]
[Result "1/2-1/2"]
[White "Antoaneta Stefanova"]
[Black "Alexandra Kosteniuk"]
[WhiteElo "2491"]
[BlackElo "2490"]
[PlyCount "52"]

1. d4 d5 2. c4 e6 3. Nf3 Nf6 4. g3 dxc4 5. Bg2 a6 6. O-O Nc6
7. e3 Bd7 8. Qe2 b5 9. Rd1 Bd6 10. e4 e5 11. dxe5 Bxe5 12. h3
Qe7 13. Nxe5 Nxe5 14. f4 Nd3 15. Nc3 Bc6 16. e5 Nd7 17. Be3
Bxg2 18. Qxg2 O-O 19. a4 b4 20. Nd5 Qd8 21. b3 c6 22. bxc4
cxd5 23. Qxd5 N7xe5 24. fxe5 Qxd5 25. cxd5 Nxe5 26. Bc5 Rfc8
1/2-1/2

[Event "Athens Acropolis GM"]
[Site "President Hotel, Athens"]
[Date "2005.03.06"]
[EventDate "2005.03.06"]
[Round "1.19"]
[Result "0-1"]
[White "Ioannis Poteas"]
[Black "Antoaneta Stefanova"]
[WhiteElo "2190"]
[BlackElo "2491"]
[PlyCount "62"]

1. d4 d5 2. Nc3 Nf6 3. Bg5 c6 4. Bxf6 exf6 5. e3 Bd6 6. Bd3 f5
7. Qf3 g6 8. h4 h5 9. Nge2 Nd7 10. Nf4 Nf6 11. g3 Bb4 12. Nfe2
Ne4 13. a3 Qa5 14. Bxe4 fxe4 15. Qf6 Rh7 16. f3 exf3 17. Qxf3
Bg4 18. Qf2 Bxe2 19. Qxe2 Bxc3+ 20. bxc3 Qxc3+ 21. Kf2 f5
22. Rhb1 O-O-O 23. Ra2 Re8 24. Rb3 Qa5 25. c4 g5 26. hxg5 h4
27. Rab2 hxg3+ 28. Kf3 f4 29. Qc2 dxc4 30. Qxc4 Qxg5 31. exf4
Qh5+ 0-1

[Event "Athens Acropolis GM"]
[Site "President Hotel, Athens"]
[Date "2005.03.08"]
[EventDate "2005.03.06"]
[Round "3.5"]
[Result "1/2-1/2"]
[White "Boris Avrukh"]
[Black "Antoaneta Stefanova"]
[WhiteElo "2629"]
[BlackElo "2491"]
[PlyCount "67"]

1. d4 d5 2. c4 c6 3. Nc3 Nf6 4. Nf3 a6 5. c5 Nbd7 6. Bf4 Nh5
7. e3 b6 8. cxb6 Qxb6 9. Bd3 Qxb2 10. Rc1 Nxf4 11. exf4 g6
12. O-O Bh6 13. g3 O-O 14. Na4 Qb4 15. Qc2 Bg7 16. Qxc6 Rb8
17. Rc3 Qa5 18. Rb3 Rxb3 19. axb3 Qb4 20. Qc3 Qxc3 21. Nxc3
Rd8 22. Na4 Nf8 23. Nc5 Ne6 24. Nxe6 Bxe6 25. Bxa6 Rb8 26. Rb1
Bf5 27. Rb2 Be4 28. Be2 Bxf3 29. Bxf3 Rb4 30. Bxd5 Rxd4
31. Bf3 Rxf4 32. gxf4 Bxb2 33. Be4 e6 34. Kg2 1/2-1/2

[Event "Athens Acropolis GM"]
[Site "President Hotel, Athens"]
[Date "2005.03.10"]
[EventDate "2005.03.06"]
[Round "5.10"]
[Result "1-0"]
[White "Alik Gershon"]
[Black "Antoaneta Stefanova"]
[WhiteElo "2533"]
[BlackElo "2491"]
[PlyCount "93"]

1. d4 d5 2. c4 c6 3. Nc3 Nf6 4. Nf3 a6 5. a4 e6 6. Bg5 a5
7. e4 dxe4 8. Nxe4 Bb4+ 9. Nc3 c5 10. Be2 h6 11. Bh4 Nc6
12. dxc5 Qxd1+ 13. Rxd1 Ne4 14. O-O Bxc3 15. Bd3 f5 16. bxc3
Nxc3 17. Ra1 Nb4 18. Ra3 Nxd3 19. Rxc3 Nxc5 20. Bg3 O-O
21. Bd6 Nxa4 22. Ra3 Rd8 23. c5 b5 24. Ne5 Ba6 25. Nc6 Re8
26. Rb1 e5 27. Nxa5 Rac8 28. Nc4 e4 29. Nb6 Nxb6 30. cxb6 Ra8
31. h4 Kf7 32. Bf4 Kf6 33. h5 g5 34. hxg6 Kxg6 35. Rxa6 Rxa6
36. Rxb5 Raa8 37. b7 Rab8 38. Rb6+ Kh5 39. f3 exf3 40. gxf3
Rh8 41. Kf2 Rbf8 42. b8=Q Rxb8 43. Rxb8 Rxb8 44. Bxb8 Kh4
45. Kg2 h5 46. Bc7 Kg5 47. Kg3 1-0

[Event "Athens Acropolis GM"]
[Site "President Hotel, Athens"]
[Date "2005.03.11"]
[EventDate "2005.03.06"]
[Round "6.14"]
[Result "1/2-1/2"]
[White "Konstantinos Markidis"]
[Black "Antoaneta Stefanova"]
[WhiteElo "2318"]
[BlackElo "2491"]
[PlyCount "118"]

1. e4 e5 2. Nf3 Nc6 3. Bb5 a6 4. Ba4 Nf6 5. O-O b5 6. Bb3 Bc5
7. a4 Bb7 8. d3 b4 9. Nbd2 O-O 10. Nc4 Re8 11. Bg5 h6 12. Bh4
g5 13. Bg3 d6 14. c3 Ba7 15. Ne3 Bc8 16. Nd2 Rb8 17. a5 Ne7
18. Qf3 Kg7 19. h3 Be6 20. Bc4 bxc3 21. bxc3 Rb2 22. Rfd1 Qa8
23. Rab1 Reb8 24. Rxb2 Rxb2 25. d4 exd4 26. cxd4 Ng6 27. Bxe6
fxe6 28. Ndc4 Rb5 29. d5 Bxe3 30. Nxe3 Rc5 31. Ng4 Nxg4
32. Qxg4 Qe8 33. e5 dxe5 34. dxe6 Nf8 35. h4 Qxe6 36. Qe4 Ng6
37. h5 Ne7 38. Qb4 Rd5 39. Rc1 Qd7 40. Kh2 Qe8 41. f3 c6
42. Qb7 Qxh5+ 43. Kg1 Qe8 44. Re1 Kf6 45. Qxa6 Qd8 46. Qb6
Qxb6+ 47. axb6 Rb5 48. Bxe5+ Kf7 49. Bc7 Nd5 50. Rc1 Nxb6
51. Rxc6 Nd5 52. Rxh6 Rb1+ 53. Kh2 Rb2 54. Kh3 Ne3 55. Rh7+
Kg6 56. Rg7+ Kh6 57. Re7 Nxg2 58. Bg3 Kg6 59. Re4 Ra2 1/2-1/2

[Event "Athens Acropolis GM"]
[Site "President Hotel, Athens"]
[Date "2005.03.12"]
[EventDate "2005.03.06"]
[Round "7.14"]
[Result "1-0"]
[White "Antoaneta Stefanova"]
[Black "Nikolaos Skalkotas"]
[WhiteElo "2491"]
[BlackElo "2278"]
[PlyCount "53"]

1. d4 e6 2. g3 f5 3. Bg2 Nf6 4. c4 Bb4+ 5. Bd2 a5 6. Qc2 O-O
7. Nh3 Nc6 8. d5 Bxd2+ 9. Qxd2 Ne5 10. Qc3 Nf7 11. Nd2 e5
12. Rc1 d6 13. c5 g5 14. f4 g4 15. Ng5 Nxg5 16. fxg5 Ne8
17. Nc4 b6 18. cxb6 cxb6 19. O-O Ba6 20. Qe3 Bxc4 21. Rxc4 b5
22. Rc6 Ng7 23. Qc1 Ra7 24. h4 Nh5 25. Rxf5 Nxg3 26. Rxf8+
Qxf8 27. Qe3 1-0

[Event "Athens Acropolis GM"]
[Site "President Hotel, Athens"]
[Date "2005.03.13"]
[EventDate "2005.03.06"]
[Round "8.11"]
[Result "1/2-1/2"]
[White "Antoaneta Stefanova"]
[Black "Dragan Solak"]
[WhiteElo "2491"]
[BlackElo "2596"]
[PlyCount "114"]

1. d4 Nf6 2. Bg5 c5 3. Bxf6 gxf6 4. d5 Qb6 5. Qc1 f5 6. c4 Bg7
7. Nc3 d6 8. e3 Nd7 9. Nf3 Nf6 10. Bd3 Ne4 11. Bxe4 fxe4
12. Nd2 f5 13. O-O Bd7 14. Qc2 O-O 15. f3 exf3 16. Rxf3 Rf6
17. Raf1 Raf8 18. b3 Qd8 19. Ne2 e5 20. dxe6 Rxe6 21. Nf4 Re5
22. Rg3 Kh8 23. Qd1 Qe8 24. Nf3 Rxe3 25. Qxd6 Qe7 26. Qd1 Qe8
27. Qd6 Qe7 28. Qd1 Qe8 29. Rh3 b6 30. Qd6 Rf6 31. Qc7 Bc6
32. Rd1 Re7 33. Qd8 Qxd8 34. Rxd8+ Re8 35. Rxe8+ Bxe8 36. Ng5
Rh6 37. Rd3 Bd4+ 38. Kf1 Rxh2 39. Nf3 Rh1+ 40. Ke2 Bf6 41. Nd5
Kg7 42. Nxf6 Kxf6 43. Rd8 Bh5 44. Rd7 Rb1 45. Rxa7 Rb2+
46. Ke3 Rxg2 47. Rxh7 Bg4 48. Nh2 Kg6 49. Rh8 Re2+ 50. Kf4 Bh5
51. Rb8 Rxh2 52. Rxb6+ Kf7 53. Kxf5 Rxa2 54. Ke5 Rg2 55. Kd6
Rg5 56. Rb5 Bd1 57. b4 Be2 1/2-1/2

[Event "Athens Acropolis GM"]
[Site "President Hotel, Athens"]
[Date "2005.03.14"]
[EventDate "2005.03.06"]
[Round "9.14"]
[Result "1-0"]
[White "Antonios Hadzimanolis"]
[Black "Antoaneta Stefanova"]
[WhiteElo "2303"]
[BlackElo "2491"]
[PlyCount "137"]

1. e4 e5 2. Nf3 Nc6 3. d4 exd4 4. Bc4 Bc5 5. c3 dxc3 6. Bxf7+
Kxf7 7. Qd5+ Kf8 8. Qxc5+ d6 9. Qxc3 Nf6 10. Nbd2 Qe7 11. O-O
Nxe4 12. Nxe4 Qxe4 13. Re1 Qg6 14. Bf4 Qf6 15. Qc4 Qf7 16. Qc1
h6 17. Qd2 Bg4 18. Re3 Kg8 19. Rb3 Rf8 20. Bg3 Nd8 21. Nd4 Re8
22. Rc1 a6 23. h3 Bh5 24. Rbc3 Re7 25. Qc2 Bg6 26. Qb3 c5
27. Nf3 Qxb3 28. Rxb3 Nf7 29. Rb6 Rd7 30. Ne5 dxe5 31. Rxg6
Kh7 32. Re6 Rd2 33. Re7 Rf8 34. Rxb7 c4 35. Rxc4 Nd6 36. Bxe5
Nxb7 37. Rc7 Kg6 38. Rxb7 Rf7 39. Rb6+ Kh7 40. f4 Ra7 41. Kh2
Rc2 42. Kg3 a5 43. Kf3 a4 44. a3 h5 45. g4 Rd7 46. gxh5 Rd3+
47. Ke4 Rxh3 48. Rg6 Re2+ 49. Kd5 Rxh5 50. Rxg7+ Kh6 51. Rb7
Rh3 52. Rb6+ Kh5 53. Rb4 Kg4 54. Rxa4 Kf5 55. Ra8 Rd3+ 56. Kc4
Rd7 57. b4 Rc2+ 58. Kb3 Rc1 59. Ka4 Ke4 60. Ka5 Kd5 61. b5 Rc5
62. Kb6 Rc1 63. a4 Rc5 64. Ra7 Rxa7 65. Kxa7 Kc4 66. b6 Ra5+
67. Kb8 Kc5 68. b7 Kb6 69. Bc7+ 1-0

[Event "French League Top 16"]
[Site "Port Barcares FRA"]
[Date "2005.05.05"]
[EventDate "2005.05.04"]
[Round "9"]
[Result "1/2-1/2"]
[White "Antoaneta Stefanova"]
[Black "Ioannis Nikolaidis"]
[WhiteElo "2495"]
[BlackElo "2533"]
[PlyCount "28"]

1. d4 Nf6 2. c4 e6 3. g3 c5 4. Nf3 cxd4 5. Nxd4 Qc7 6. Nc3 a6
7. Bg2 Be7 8. Bg5 Nc6 9. Rc1 h6 10. Bf4 e5 11. Nd5 Nxd5
12. cxd5 exf4 13. dxc6 dxc6 14. Nxc6 fxg3 1/2-1/2

[Event "Palma Chess Festival"]
[Site "Brena Baja ESP"]
[Date "2005.06.12"]
[EventDate "2005.06.12"]
[Round "7"]
[Result "1-0"]
[White "Igor Khenkin"]
[Black "Antoaneta Stefanova"]
[WhiteElo "2610"]
[BlackElo "2495"]
[PlyCount "39"]

1. d4 d5 2. c4 c6 3. Nf3 Nf6 4. Qb3 dxc4 5. Qxc4 Bf5 6. g3 e6
7. Bg2 Nbd7 8. Nc3 b5 9. Qxc6 b4 10. Nb5 Be4 11. Nc7+ Ke7
12. d5 Bxd5 13. Nxd5+ Nxd5 14. Bg5+ N7f6 15. Ne5 Rc8 16. Qb7+
Qc7 17. Bxd5 exd5 18. Qxd5 Ke8 19. Qb5+ Nd7 20. Rc1 1-0

[Event "III Open Bajada de la Virgen"]
[Site "Bajada de la Virgen ESP"]
[Date "2005.06.16"]
[EventDate "2005.06.13"]
[Round "6"]
[Result "0-1"]
[White "Erik van den Doel"]
[Black "Antoaneta Stefanova"]
[WhiteElo "2558"]
[BlackElo "2495"]
[PlyCount "22"]

1. e4 e5 2. Nf3 Nc6 3. Bb5 a6 4. Ba4 Nf6 5. O-O b5 6. Bb3 Bc5
7. a4 Bb7 8. Nc3 Nd4 9. axb5 Nxb3 10. cxb3 axb5 11. Rxa8 Qxa8
0-1

[Event "North Urals Cup"]
[Site "Krasnoturinsk RUS"]
[Date "2005.07.05"]
[EventDate "2005.07.04"]
[Round "2"]
[Result "1-0"]
[White "Antoaneta Stefanova"]
[Black "Natalia Zhukova"]
[WhiteElo "2501"]
[BlackElo "2478"]
[PlyCount "113"]

1. d4 e6 2. c4 Nf6 3. Nf3 c5 4. Nc3 cxd4 5. Nxd4 Bb4 6. Ndb5
a6 7. Nd6+ Ke7 8. Nxc8+ Qxc8 9. Qb3 Nc6 10. Bd2 Rd8 11. Nd5+
Nxd5 12. cxd5 Bxd2+ 13. Kxd2 Ne5 14. Rc1 Qb8 15. g3 b5 16. e3
Ra7 17. f4 Nc4+ 18. Bxc4 bxc4 19. Qa3+ d6 20. Rxc4 Qb5 21. Qd3
Qxb2+ 22. Rc2 Qb4+ 23. Ke2 Qb5 24. Rd1 exd5 25. Kf3 Qxd3
26. Rxd3 Ke6 27. Rcd2 Rc8 28. Rxd5 Rc6 29. g4 Rb7 30. a4 Rb3
31. R2d4 Rb2 32. h4 Rh2 33. f5+ Kd7 34. Kg3 Re2 35. Rd3 Kc7
36. f6 gxf6 37. Kf3 Ra2 38. Rh5 Kd7 39. Rxh7 Ke6 40. Rd4 d5
41. Rh5 Rc5 42. Rf5 Ra5 43. Rdf4 R5xa4 44. Rxf6+ Ke7 45. Rxf7+
Kd6 46. R4f6+ Kc5 47. h5 Rh2 48. Rc7+ Kb5 49. Rd7 Rh3+ 50. Kg2
Rxe3 51. Rxd5+ Kc4 52. Rdf5 Kd3 53. Rf4 Ra2+ 54. Rf2 Ra4
55. R6f4 Ree4 56. Kg3 a5 57. h6 1-0

[Event "North Urals Cup"]
[Site "Krasnoturinsk RUS"]
[Date "2005.07.07"]
[EventDate "2005.07.04"]
[Round "4"]
[Result "0-1"]
[White "Antoaneta Stefanova"]
[Black "Alisa Galliamova"]
[WhiteElo "2501"]
[BlackElo "2453"]
[PlyCount "176"]

1. d4 d5 2. c4 e6 3. Nf3 Nf6 4. Nc3 c6 5. e3 Nbd7 6. Bd3 dxc4
7. Bxc4 b5 8. Bd3 Bd6 9. a4 b4 10. Ne4 Nxe4 11. Bxe4 Bb7
12. a5 Rc8 13. O-O O-O 14. a6 Ba8 15. Qe2 Qc7 16. h3 Nf6
17. Bd3 c5 18. dxc5 Bxc5 19. b3 e5 20. Bc4 e4 21. Nh4 Nd5
22. Bb2 Nc3 23. Qh5 Be7 24. Nf5 Bf6 25. Nd4 Qe7 26. Qa5 Bxd4
27. exd4 Ne2+ 28. Kh2 Nf4 29. Rae1 Rxc4 30. bxc4 Nd3 31. Re2
Rc8 32. d5 Nxb2 33. g3 Nd3 34. Qb5 h5 35. Rd1 Qf6 36. Qd7 Rf8
37. Qxa7 h4 38. Qe3 hxg3+ 39. fxg3 Qxa6 40. Qxe4 Nc5 41. Qd4
Qd6 42. Rde1 Bc6 43. Qd2 Nb3 44. Qa2 Nd4 45. dxc6 Qxc6 46. Rf2
Nf3+ 47. Rxf3 Qxf3 48. Qd2 Rb8 49. Re3 Qb7 50. Rb3 Qb6 51. h4
Qc5 52. Qd5 Qxd5 53. cxd5 Kf8 54. Kg2 Ke7 55. Kf3 Kd6 56. Ke4
Kc5 57. Rb1 Re8+ 58. Kd3 Re5 59. Rc1+ Kxd5 60. Rc7 Rf5 61. Ra7
Rf3+ 62. Ke2 Rxg3 63. Rxf7 Kc4 64. Kd2 Kb3 65. Rb7 Ka3 66. Kc1
Rg4 67. Kc2 Rg2+ 68. Kc1 Kb3 69. h5 Rg5 70. Kd2 Rg4 71. Kc1
Rg2 72. Rb6 Rg1+ 73. Kd2 Ka3 74. Kc2 Rg2+ 75. Kc1 Rh2 76. Rb7
Rg2 77. Rb6 Kb3 78. h6 gxh6 79. Rxh6 Rg1+ 80. Kd2 Kb2 81. Rb6
b3 82. Rb8 Ka2 83. Ra8+ Kb1 84. Rb8 Rg2+ 85. Kc3 Rc2+ 86. Kd3
b2 87. Rh8 Rc6 88. Rh7 Ra6 0-1

[Event "North Urals Cup"]
[Site "Krasnoturinsk RUS"]
[Date "2005.07.08"]
[EventDate "2005.07.04"]
[Round "5"]
[Result "1-0"]
[White "Alexandra Kosteniuk"]
[Black "Antoaneta Stefanova"]
[WhiteElo "2516"]
[BlackElo "2501"]
[PlyCount "75"]

1. e4 e5 2. Nf3 Nc6 3. Bb5 a6 4. Ba4 Nf6 5. O-O b5 6. Bb3 Bc5
7. a4 Bb7 8. d3 b4 9. Bg5 h6 10. Be3 d6 11. Bxc5 dxc5 12. a5
O-O 13. Nbd2 Re8 14. Nc4 Nd7 15. c3 Nf8 16. g3 Qf6 17. Nh4 Ne6
18. Ne3 Rad8 19. Nd5 Qg5 20. Ng2 Rd6 21. f4 Qd8 22. Qh5 exf4
23. Ndxf4 Qd7 24. Nxe6 fxe6 25. Nf4 bxc3 26. bxc3 Nd8 27. Qxc5
Kh7 28. Ba4 Bc6 29. e5 Bxa4 30. exd6 cxd6 31. Qh5 Bc6 32. Qg6+
Kh8 33. Nh5 e5 34. Rf2 Rg8 35. Rb1 Ne6 36. Nxg7 Ng5 37. Qxh6+
Nh7 38. Nf5 1-0

[Event "North Urals Cup"]
[Site "Krasnoturinsk RUS"]
[Date "2005.07.11"]
[EventDate "2005.07.04"]
[Round "7"]
[Result "1/2-1/2"]
[White "Maia Chiburdanidze"]
[Black "Antoaneta Stefanova"]
[WhiteElo "2509"]
[BlackElo "2501"]
[PlyCount "88"]

1. d4 d5 2. c4 c6 3. Nf3 Nf6 4. Nc3 a6 5. c5 Nbd7 6. Bf4 Nh5
7. Be3 Nhf6 8. h3 e5 9. dxe5 Ne4 10. Nxe4 dxe4 11. Ng5 Bxc5
12. Bxc5 Qxg5 13. Bd6 e3 14. Qd4 exf2+ 15. Kxf2 f6 16. exf6
Qxf6+ 17. Qxf6 Nxf6 18. Ke1 Ne4 19. Be5 O-O 20. g4 Be6 21. Bg2
Bd5 22. Rf1 Rxf1+ 23. Bxf1 Re8 24. Bh2 Nc5 25. b3 a5 26. Bd6
Ne4 27. Bc7 Ra8 28. Rb1 b5 29. Bg2 a4 30. Bxe4 Bxe4 31. Rb2
axb3 32. axb3 Bd5 33. Bd6 Ra1+ 34. Kf2 g5 35. b4 Rh1 36. Kg3
h5 37. gxh5 Be6 38. e4 Rxh3+ 39. Kg2 Rxh5 40. Rc2 Rh4 41. Rxc6
Rxe4 42. Rc5 Rd4 43. Rxg5+ Kf7 44. Bc5 Rg4+ 1/2-1/2

[Event "North Urals Cup"]
[Site "Krasnoturinsk RUS"]
[Date "2005.07.12"]
[EventDate "2005.07.04"]
[Round "8"]
[Result "1/2-1/2"]
[White "Antoaneta Stefanova"]
[Black "Koneru Humpy"]
[WhiteElo "2501"]
[BlackElo "2531"]
[PlyCount "185"]

1. d4 d5 2. c4 e6 3. Nf3 Nf6 4. g3 Be7 5. Bg2 O-O 6. O-O dxc4
7. Qc2 a6 8. a4 Bd7 9. Qxc4 Bc6 10. Bf4 Nbd7 11. Rd1 Rc8
12. Nc3 Nb6 13. Qd3 Nbd5 14. Bg5 Nxc3 15. bxc3 Be4 16. Qe3 Bd5
17. Bxf6 Bxf6 18. Nd2 c5 19. Ne4 cxd4 20. Nxf6+ Qxf6 21. cxd4
Bxg2 22. Kxg2 h6 23. Rab1 Rc4 24. a5 Rc7 25. Qe4 Qg5 26. d5
exd5 27. Rxd5 Qe7 28. Re5 Qd7 29. Rb3 Qc8 30. Rd3 Rc4 31. Qd5
Qc6 32. Re7 Rc5 33. Qxc6 bxc6 34. Ra3 Rc8 35. Ra7 Re5 36. e3
c5 37. Rxa6 c4 38. Rc3 Rb5 39. Ra7 Rb3 40. Rxb3 cxb3 41. Rb7
Ra8 42. Rxb3 Rxa5 43. g4 h5 44. Kg3 hxg4 45. Kxg4 g6 46. f4
Kg7 47. Rb7 Ra2 48. h4 Rg2+ 49. Kf3 Rh2 50. Kg3 Re2 51. Re7
Re1 52. Re5 Rg1+ 53. Kh2 Re1 54. Kg2 Kf6 55. e4 Re2+ 56. Kf3
Re1 57. h5 gxh5 58. Rxh5 Rf1+ 59. Kg3 Rg1+ 60. Kf2 Ra1 61. e5+
Ke7 62. Kf3 Ra6 63. Kg4 Rg6+ 64. Kf5 Ra6 65. Rh8 Ra5 66. Rb8
Ra7 67. Kg5 f6+ 68. exf6+ Kf7 69. Rb5 Rc7 70. Re5 Rc1 71. Re7+
Kf8 72. Kf5 Ra1 73. Rb7 Rc1 74. Rb5 Kf7 75. Rb7+ Kf8 76. Rd7
Ra1 77. Rg7 Rb1 78. Rg3 Kf7 79. Re3 Rb5+ 80. Re5 Rb1 81. Re7+
Kf8 82. Rd7 Ra1 83. Ke5 Re1+ 84. Kf5 Ra1 85. f7 Ra6 86. Kg5
Rb6 87. f5 Ra6 88. Rb7 Rc6 89. f6 Rxf6 90. Rb8+ Kg7 91. Rg8+
Kxf7 92. Rf8+ Kxf8 93. Kxf6 1/2-1/2

[Event "North Urals Cup"]
[Site "Krasnoturinsk RUS"]
[Date "2005.07.13"]
[EventDate "2005.07.04"]
[Round "9"]
[Result "1-0"]
[White "Nadezhda Kosintseva"]
[Black "Antoaneta Stefanova"]
[WhiteElo "2490"]
[BlackElo "2501"]
[PlyCount "165"]

1. e4 e5 2. Nf3 Nc6 3. Nc3 Nf6 4. Bb5 Nd4 5. Ba4 Bc5 6. Nxe5
O-O 7. Nd3 Bb6 8. e5 Ne8 9. Nd5 d6 10. Ne3 c6 11. c3 Ne6
12. Bc2 Bc7 13. exd6 Qxd6 14. Nf5 Qd8 15. O-O b6 16. Nb4 Bd7
17. d4 a5 18. Nd3 Bc8 19. Ne5 Bb7 20. Qg4 Kh8 21. Qf3 Bxe5
22. dxe5 Qc7 23. Re1 c5 24. Qg3 Rd8 25. Bg5 Nxg5 26. Qxg5 g6
27. Ng3 Rd5 28. Rad1 Ng7 29. Qf6 Kg8 30. Rxd5 Bxd5 31. a3 Re8
32. Qf4 Re6 33. c4 Bc6 34. Qe3 Qb7 35. f3 f6 36. Qc3 Qe7
37. f4 fxe5 38. fxe5 Ne8 39. Ne4 Kg7 40. Nf6 Kh8 41. Nd5 Qh4
42. Re4 Qg5 43. h4 Qh6 44. Qf3 Kg8 45. Kh2 a4 46. Qg3 Qc1
47. Qg4 Ng7 48. Re2 Qf1 49. Nf6+ Kh8 50. Bd3 Qd1 51. Qh3 Qc1
52. Qe3 Qxe3 53. Rxe3 Re7 54. Nd5 Rb7 55. Rf3 Ne6 56. Rf6 Nd4
57. Rd6 Kg7 58. Be4 b5 59. cxb5 Bxd5 60. Bxd5 Rxb5 61. Rd7+
Kf8 62. e6 Rxb2 63. Rxh7 Re2 64. Rf7+ Ke8 65. Rf6 Re5 66. Bc4
Re4 67. Rxg6 Rxh4+ 68. Kg1 Nf3+ 69. gxf3 Rxc4 70. Kf2 Ke7
71. Ke3 Rc3+ 72. Ke4 Rxa3 73. f4 Kd6 74. f5 Rb3 75. Rg7 Rb4+
76. Ke3 Ke5 77. e7 Rb8 78. Rf7 Kd6 79. f6 Kd7 80. Rf8 Re8
81. Kd2 a3 82. Kc2 c4 83. Kc3 1-0